Statistics for FIFA 17 Top 10 English Left Back

Click here to take the quiz!

General Stats

  • This quiz has been taken 25 times
  • The average score is 5 of 10

Answer Stats

Rank Player OVA % Correct
2Luke Shaw81
95%
1Leighton Baines83
90%
3Danny Rose80
86%
5Ryan Bertrand79
67%
4Kieran Gibbs80
62%
7Ashley Cole73
48%
6Aaron Cresswell76
29%
8George Friend73
19%
10Charlie Daniels72
14%
9Liam Rosenior72
5%

Score Distribution

Percentile by Number Answered

Percent of People with Each Score

Your Score History

You have not taken this quiz